Catálogo público

El Nogal / (Record no. 208469)

MARC details
000 -CABECERA
campo de control de longitud fija 00419nam a2200169Ia 4500
001 - NÚMERO DE CONTROL
campo de control Para_9817
008 - DATOS DE LONGITUD FIJA--INFORMACIÓN GENERAL
campo de control de longitud fija 220125s1990 xx 000 0 und d
010 ## - NÚMERO DE CONTROL DE LA BIBLIOTECA DEL CONGRESO
Número de control de LC 208469
100 ## - ENTRADA PRINCIPAL--NOMBRE DE PERSONA
Nombre de persona Luna Lorente, F.
9 (RLIN) 174904
245 ## - MENCIÓN DE TÍTULO
Título El Nogal /
Mención de responsabilidad, etc. F. Luna Lorente
300 ## - DESCRIPCIÓN FÍSICA
Extensión 568p.
902 ## - ELEMENTOS DE DATOS B LOCAL, LDB (RLIN)
a A
905 ## - ELEMENTOS DE DATOS E LOCAL, LDE (RLIN)
a 0000001990 0000000000 00
910 ## - DATOS DE OPCIÓN DEL USUARIO (OCLC)
Datos de opción del usuario 1990
942 ## - ELEMENTOS DE PUNTO DE ACCESO ADICIONAL (KOHA)
Tipo de ítem Koha Parasitologia_
-- 1

No items available.